Diagnóstico por imágenes para médicos generalistas. (Registro nro. 736)

Detalles MARC
000 -LEADER
fixed length control field 01443 am a2200397 a 4500
005 - FECHA ULTIMA MODIFICACION
control field 20240628082525.0
008 - CAMPO DE CONTROL (LIBRO)
fixed length control field 100916s1998||||ag a f |||| 001 0 spa d
020 ## - INTERNATIONAL STANDARD BOOK NUMBER
ISBN 9509539368
041 ## - CODIGO DE IDIOMA
Código de idioma del texto/pista de sonido o título separado spa
092 ## - SIGNATURA TOPOGRAFICA DEWEY LOCAL
número de clasificación 616.0757
libristica 16
sección DIA
245 ## - TITULO PROPIAMENTE DICHO
Título Diagnóstico por imágenes para médicos generalistas.
Subtítulo y Título paralelo Hace 100 años en 1898 /
Mención de responsabilidad y remanente de la transcripción de la portada Francisco A. Eleta
250 ## - MENCION DE EDICION
Mención de edición 1a ed.
260 ## - PIE DE IMPRENTA
Lugar de publicación, distribución, etc Buenos Aires:
Nombre de la editorial, distribuidor, etc S/E;
Fecha de publicación 1998.
300 ## - DESCRIPCION FISICA
Extension 237 p.
Otros detalles físicos il.
500 ## - NOTA GENERAL
Nota general Eleta, F. A. et al. (1998). Diagnóstico por imágenes para médicos generalistas. Hace 100 años en 1898. (1a ed.). Buenos Aires : S/E.<br/>
653 ## - TÉRMINO INDIZADO - PALABRAS CLAVES
Palabra clave Método de diagnóstico por imágenes
653 ## - TÉRMINO INDIZADO - PALABRAS CLAVES
Palabra clave Sistema respiratorio, mediastino y diafragma
653 ## - TÉRMINO INDIZADO - PALABRAS CLAVES
Palabra clave Corazón y sistema circulatorio
653 ## - TÉRMINO INDIZADO - PALABRAS CLAVES
Palabra clave Abdomen en general y sistema digestivo
653 ## - TÉRMINO INDIZADO - PALABRAS CLAVES
Palabra clave Sistema genitourinario
653 ## - TÉRMINO INDIZADO - PALABRAS CLAVES
Palabra clave Sistema ginecológico y obstetricia
653 ## - TÉRMINO INDIZADO - PALABRAS CLAVES
Palabra clave Sistema musculoesquelético
653 ## - TÉRMINO INDIZADO - PALABRAS CLAVES
Palabra clave Cabeza ósea
653 ## - TÉRMINO INDIZADO - PALABRAS CLAVES
Palabra clave Sistema nervioso central
653 ## - TÉRMINO INDIZADO - PALABRAS CLAVES
Palabra clave Radiología intervencionista
653 ## - TÉRMINO INDIZADO - PALABRAS CLAVES
Palabra clave Radiología intervencionista endovascular
700 1# - ENTRADAS SECUNDARIAS - NOMBRE PERSONAL
Nombre personal Eleta, Francisco A.
9 (RLIN) 802
700 1# - ENTRADAS SECUNDARIAS - NOMBRE PERSONAL
Nombre personal Velán, Osvaldo.
9 (RLIN) 803
700 1# - ENTRADAS SECUNDARIAS - NOMBRE PERSONAL
Nombre personal San Román, J. L.
9 (RLIN) 1473
700 1# - ENTRADAS SECUNDARIAS - NOMBRE PERSONAL
Nombre personal Farías, Patricia.
9 (RLIN) 1474
700 1# - ENTRADAS SECUNDARIAS - NOMBRE PERSONAL
Nombre personal Blejman, Oscar B.
9 (RLIN) 1475
700 1# - ENTRADAS SECUNDARIAS - NOMBRE PERSONAL
Nombre personal Rasumoff, Alejandro.
9 (RLIN) 1476
700 1# - ENTRADAS SECUNDARIAS - NOMBRE PERSONAL
Nombre personal García Mónaco, Ricardo.
9 (RLIN) 1477
930 ## - NUMERO DE INVENTARIO
Número de inventario 462
942 ## - ADDED ENTRY ELEMENTS (KOHA)
Source of classification or shelving scheme Dewey Decimal Classification
Item type Libros
Existencias
Estado de retiro Existencia Estado general No para prestamo Ubicación permanente ubicación actual Sala de ubicación Fecha de adquisición Total Checkouts Número de clasificación Código de barras Date last seen Date last borrowed Número de ejemplar Price effective from Koha tipo de elemento (item)
        Biblioteca Medicina Biblioteca Medicina Circulación 13/05/2011 1 616.0757 16 DIA 462 30/11/2021 23/11/2021 ej.1 13/05/2011 Libros

UNIVERSIDAD NACIONAL DEL COMAHUE
Biblioteca de la Facultad de Ciencias Médicas
Sede Toschi: Los Arrayanes y Av. Toschi, Cipolletti  - Rio Negro
Sede Los Tordos:  Yrigoyen al 2211, Cipolletti - Rio Negro 

Teléfono: 0299 - 4774707 int 25
Contacto: biblioteca@facimed.uncoma.edu.ar
© 2011 - 2026